000 00281nam a22001337a 4500
008 170930b xxu||||| |||| 00| 0 eng d
020 _a9780495567509
041 _aeng
080 _a37
100 _a47
101 _aEDU
245 _aPERSUASION
_cLARSON, CH.U
942 _2udc
_cBK
999 _c30993
_d30993